LEADER 01653nam a2200253 i 4500 001 000000255026 003 CaOOAMICUS 005 20200526152846.0 008 170719s1764 it u000 u ita u 013 $a233931 026 $ap-l- e.re r-a- raal (3) 1764 (Q) 040 $aSeMil$bita 110 2 $aConfraternita di Santa Liberata .$0(OLS)http://semarc/name/94408 245 10$aNarrativa della sagra funzione tenutasi la domenica primo aprile 1764 nella chiesa di S. Liberata, eretta in S. Leonardo in P. V. di questa cittą di Milano, in occasione che li confratelli ... si sono aggregati alla suddetta Confraternita .. 260 $aMilano :$bNella Stamperia di Francesco Bolzani,$c1764. 300 $a[24], 34, [2] p., [2] carte di tav. :$bill. ;$c8°. 500 $aAntip. calcogr. e ritr. calcogr. di S. Liberata a c. *10. - Fregi e iniz. xilogr. - Segn.: *12 A8 B10. - Data di pubblicazione presdunta nel titolo. 650 4$aCongregazioni e confraternite religiose - Milano - Sec. 16.-18.$0(OLS)http://semarc/subject/49109 700 1 $aBolzani, Francesco,$c.$0(OLS)http://semarc/name/26361 850 $aSeMil 852 $aSeMil$W1$xVenegono$y1$m3Z I 2/10 FA$j205372$B205372$CSeMilBibl$Z2$F218746 $8I 996 $6245$aNarrativa della sagra funzione tenutasi la domenica primo aprile 1764 nella chiesa di S. Liberata, eretta in S. Leonardo in P. V. di questa cittą di Milano, in occasione che li confratelli ... si sono aggregati alla suddetta Confraternita ..$9(OLS)http://semarc/title/411381 996 $6260$aMilano :$bNella Stamperia di Francesco Bolzani$9(OLS)http://semarc/publisher/57554 LEADER 01050nam a2200241 i 4500 001 000000085858 003 CaOOAMICUS 005 20020613000000.0 008 020613s1988 xx u000 u und u 013 $a58098 040 $aSeMil$bita 100 1 $aHeidegger, Martin,$d<1889-1976>.$0(OLS)http://semarc/name/3775 245 10$aDomande fondamentali della filosofia. Selezione di "problemi" della "logica" /$cdi Martin Heidegger. 260 $aMilano :$bMursia,$c1988. 300 $a175 p. 490 0 $aBiblioteca di filosofia. Testi 650 4$aLogica - Filosofia.$0(OLS)http://semarc/subject/2012 650 4$aVeritą.$0(OLS)http://semarc/subject/2559 830 0$aBiblioteca di filosofia. Testi .$0(OLS)http://semarc/title/7156 850 $aSeMil 852 $aSeMil$W1$xVenegono$y1$m58 2 13 *$j49676$B49676$CSeMilBibl$Z2$F53457 $81 996 $6245$aDomande fondamentali della filosofia. Selezione di "problemi" della "logica"$9(OLS)http://semarc/title/132315 996 $6260$aMilano :$bMursia$9(OLS)http://semarc/publisher/30230